Palárikova Raková 55 rokov na scéne : 23.-28. apríl 2023 Raková - Čadca, Kysuce

Bibliographic Details
Corporate Author: Palárikova Raková Raková - Čadca, Slovensko (Author)
Other Authors: Šulganová, Katarína, 1961- (Compiler), Lašut, Filip, 1945-2012 (Photographer), Zimka, Ondrej, 1937- (Photographer), Lašut, Michal, 1979- (Photographer)
Format: Conference Proceeding Book
Language:Slovak
PhysicalDescription:40 strán čiernobiele fotografie 30 cm
Published: Čadca Kysucké kultúrne stredisko v Čadci 2023
ISBN:9788085150100 (brožované)
Subjects:

MARC

LEADER 00000nam a2200000 4500
001 vtls012234602
003 SK-MaSNL
005 20260302005409.0
008 230711s2023 xo o g 000 0 slo
015 |a SNBA2023/07 
020 |a 9788085150100 (brožované) 
040 |a SNK  |b slo  |c SNK  |e rda 
041 0 |a slo 
043 |a e-xo--- 
044 |a xo  |c SK 
072 7 |a 792  |x Divadlo. Divadelné predstavenia  |2 konspekt 
080 |a 792.079  |2 2011 
080 |a 792.077  |2 2011 
080 |a 792.077:792.07  |2 2011 
080 |a (437.6)  |2 2011 
080 |a (437.641)  |2 2011 
080 |a (082.2)  |2 2011 
111 2 |a Palárikova Raková  |n (55. :  |d 2023 :  |c Raková - Čadca, Slovensko)  |4 aut  |9 646786 
245 1 0 |a Palárikova Raková  |b 55 rokov na scéne : 23.-28. apríl 2023 Raková - Čadca, Kysuce  |c zostavila: Katarína Šulganová ; fotografie: Filip Lašut, Michal Lašut ; ilustrácia na obálke: Ondrej Zimka 
264 1 |a Čadca  |b Kysucké kultúrne stredisko v Čadci  |c 2023 
300 |a 40 strán  |b čiernobiele fotografie  |c 30 cm 
336 |a text  |b txt  |2 rdacontent 
336 |a statický obraz  |b sti  |2 rdacontent 
337 |a bez média  |b n  |2 rdamedia 
338 |a zväzok  |b nc  |2 rdacarrier 
500 |a Pamätnica vydaná pri príležitosti konania 55. ročníka Palárikovej Rakovej 
648 7 |a 1968-2023  |2 SNKPH  |9 646787 
648 7 |a 20.-21. storočie  |2 SNKPH  |9 302531 
648 7 |a 20th-21st centuries  |2 SNKPHeng  |9 285312 
650 0 7 |a divadelné festivaly a prehliadky  |2 SNKPH  |9 3350 
650 0 7 |a amatérske divadelné súbory  |2 SNKPH  |9 31587 
650 0 7 |a Theater festivals  |2 SNKPHeng  |9 266164 
650 0 7 |a Amateur theater  |2 SNKPHeng  |9 266162 
650 0 7 |a Amateur theater ensembles  |2 SNKPHeng  |9 337497 
650 0 7 |a ochotnícke divadlo  |2 SNKPH  |9 3349 
651 7 |a Raková (Slovensko)  |2 SNKPH  |9 29543 
651 7 |a Čadca (Slovensko)  |2 SNKPH  |9 28627 
651 7 |a Raková (Slovakia)  |2 SNKPHeng  |9 172329 
651 7 |a Čadca (Slovakia)  |2 SNKPHeng  |9 195592 
655 7 |a jubilejné publikácie  |2 SNKPH  |9 70339 
655 7 |a Jubilee books  |2 SNKPHeng  |9 281827 
700 1 |a Šulganová, Katarína,  |d 1961-  |4 com  |9 121899 
700 1 |a Lašut, Filip,  |d 1945-2012  |4 pht  |9 151668 
700 1 |a Zimka, Ondrej,  |d 1937-  |4 pht  |9 103112 
700 1 |a Lašut, Michal,  |d 1979-  |4 pht  |9 224147 
852 |a Slovenská národná knižnica 
852 |a Akadémia umení v Banskej Bystrici 
919 |a 978-80-85150-10-0 
954 |a iná literatúra (príručky, kuchárske knihy, hobby literatúra, sprievodcovia) pôvodná (slovenská)  |2 lita 
999 |c 999313  |d 1001243 
952 |a SNK  |b SNK  |y PREZ  |7 0  |p 17A1532549  |o snkOSB 21056  |i snk2023/10635  |8 0  |0 0  |1 0  |4 0  |d 2023-07-11  |l 0  |r 2026-02-24 12:14:55  |w 2026-02-24